| 000 | 01167nac a22002651u 4500 | ||
|---|---|---|---|
| 008 | 110418s2006 nyu|||||d|||| 001 0 eng d | ||
| 010 | _a 97020306 | ||
| 020 | _a0471719889 (cloth : alk. paper) | ||
| 020 | _a9780471719885 (cloth : alk. paper) | ||
| 082 | 0 | 0 |
_a621 _bMEC _222 |
| 100 |
_a20080729 _923130 |
||
| 245 | 0 | 0 |
_aMechanical Engineers' Handbook / _cEdited by Myer Kutz. |
| 250 | _a3rd ed. | ||
| 260 |
_aNew York : _bWiley,2006 _c2006 |
||
| 300 |
_axiii, 1088 p. : _bill. ; _c24 cm. |
||
| 504 | _aIncludes bibliographical references and index. | ||
| 650 | 0 |
_aMechanical engineering _xHandbooks, manuals, etc. _923131 |
|
| 653 |
_bMec _cApril2011 |
||
| 700 | 1 |
_aKutz, Myer. _923132 |
|
| 856 | 4 | 2 |
_3Contributor biographical information _uhttp://www.loc.gov/catdir/bios/wiley042/97020306.html |
| 856 | 4 | 2 |
_3Publisher description _uhttp://www.loc.gov/catdir/description/wiley033/97020306.html |
| 856 | 4 | 2 |
_3Table of Contents _uhttp://www.loc.gov/catdir/toc/onix04/97020306.html |
| 942 |
_cNB _k621MEC _2ddc |
||
| 999 |
_c15129 _d15129 |
||